| 000 | 01192nam a2200349 a 4500 | ||
|---|---|---|---|
| 008 | |||
| 020 | _a9780323355018 (hardback) | ||
| 040 |
_aNUST _cNUST |
||
| 049 | _aMAIN | ||
| 090 |
_aR727.8 _bPRI |
||
| 245 | 0 |
_aPrimary care : _ba collaborative practice/ _c Terry Mahan Buttaro ; JoAnn Trybulski ; Patricia Polgar-Bailey & Joanne Sandberg-Cook. |
|
| 250 | _aFifth edition. | ||
| 260 |
_aSt. Louis, Missouri : _bElsevier, _c2017. |
||
| 300 |
_axxiii, 1427 pages : _billustrations (chiefly colour) ; _c29 cm. |
||
| 336 |
_atext _btxt _2rdacontent |
||
| 337 |
_aunmediated _bn _2rdamedia |
||
| 338 |
_avolume _bnc _2rdacarrier |
||
| 500 | _aIncludes index. | ||
| 650 | 1 | _aMedical cooperation. | |
| 650 | _aPrimary care (Medicine). | ||
| 650 | _aMedical referral. | ||
| 650 | _aPrimary health care. | ||
| 650 | _aHealth care teams. | ||
| 700 |
_aButtaro, Terry Mahan., _aauthor. |
||
| 700 |
_aTrybulski, JoAnn., _aauthor. |
||
| 700 |
_aPolgar-Bailey, Patricia., _aauthor. |
||
| 700 |
_aSandberg-Cook, Joanne., _aauthor. |
||
| 907 |
_a.b10420174 _b13-01-23 _c13-01-23 |
||
| 003 | |||
| 005 | 20230120204356.0 | ||
| 942 |
_cBOOKS _kR727.8 _mPRI |
||
| 999 |
_c122110 _d122110 |
||